| 000 | 00688cam a2200193 4500 | ||
|---|---|---|---|
| 001 | WB3844-17 | ||
| 008 | 021126n2002 000 0 eng u | ||
| 035 | _a(Sirsi) u120588 | ||
| 245 | _aRules of conduct revised | ||
| 260 | _c2002 | ||
| 490 |
_aRICS Business _v November/December 2002, 9(1) |
||
| 520 | _aHighlights changes to "Conduct and disciplinary regulations: Rules of conduct" coming into force on 1 January 2003. Details will be published on www.rics.org.uk in December 2002. | ||
| 590 | _aWB | ||
| 650 | _aRICS RULES OF CONDUCT | ||
| 650 | _aETHICS | ||
| 650 | _aDISCIPLINARY REGULATIONS | ||
| 690 | _aMANAGEMENT-BUSINESS MANAGEMENT-PROFESSIONAL PRACTICE | ||
| 942 | _n0 | ||
| 999 |
_c71645 _d71645 |
||